00491nam a2200157Ia 450000500170000000800410001708200170005824500250007526000390010030000120013950000350015170000270018694200060021395200990021999900150031820250528022814.0240331s9999 xx 000 0 und d a302.234bADO 0aAdoor Gopalakrishnan aSri LankabAsian Film centrec1993 a69 p ., aA book of Adoor Gopalakrishnan aRatnavibusha, R. eedt cL 001040708LaWERCLbWERCLcSSCd2024-03-31l0o 302.234 ADOp3001r2024-03-31w2024-03-31yL c1156d1156